Auge y decadencia de la trata negrera en Puerto Rico (1820-1860) (Record no. 8819)

MARC details
000 -CABECERA
campo de control de longitud fija 00882nam a2200253 a 4500
001 - NÚMERO DE CONTROL
campo de control BRL_6
005 - FECHA Y HORA DE LA ÚLTIMA TRANSACCIÓN
campo de control 20190320210540.0
008 - DATOS DE LONGITUD FIJA--INFORMACIÓN GENERAL
campo de control de longitud fija 770801s1978####sp-a######---#001-0#spa-#
040 ## - FUENTE DE LA CATALOGACIÓN
Centro catalogador/agencia de origen DLC
Centro/agencia transcriptor DLC
Centro/agencia modificador DLC
041 ## - CÓDIGO DE LENGUA
Código de lengua del texto/banda sonora o título independiente spa
044 ## - CÓDIGO DEL PAÍS DE LA ENTIDAD EDITORA/PRODUCTORA
Código MARC del país sp
050 #4 - SIGNATURA TOPOGRÁFICA DE LA BIBLIOTECA DEL CONGRESO
Número de clasificación HT1087
Número de documento/Ítem .M67 1978
100 1# - ENTRADA PRINCIPAL--NOMBRE DE PERSONA
Nombre de persona Morales Carrión, Arturo
9 (RLIN) 22628
245 10 - MENCIÓN DE TÍTULO
Título Auge y decadencia de la trata negrera en Puerto Rico (1820-1860)
Mención de responsabilidad, etc. Arturo Morales Carrión.
260 ## - PUBLICACIÓN, DISTRIBUCIÓN, ETC.
Lugar de publicación, distribución, etc. España
Nombre del editor, distribuidor, etc. Centro de Estudios Avanzados de Puerto Rico y el Caribe
-- Instituto de Cultura Puertorriqueña
Fecha de publicación, distribución, etc. 1978
300 ## - DESCRIPCIÓN FÍSICA
Extensión 259 p.
Otras características físicas il., 12 láminas
Dimensiones 25 cm.
500 ## - NOTA GENERAL
Nota general Incluye lista de barcos negreros e índice alfabético
500 ## - NOTA GENERAL
Nota general Au82
504 ## - NOTA DE BIBLIOGRAFÍA, ETC.
Nota de bibliografía, etc. Bibliografía: p. [243]-248
650 14 - PUNTO DE ACCESO ADICIONAL DE MATERIA--TÉRMINO DE MATERIA
Término de materia o nombre geográfico como elemento de entrada Trata de esclavos
Subdivisión geográfica Puerto Rico
9 (RLIN) 22629
650 14 - PUNTO DE ACCESO ADICIONAL DE MATERIA--TÉRMINO DE MATERIA
Término de materia o nombre geográfico como elemento de entrada Movimientos antiesclavistas
Subdivisión geográfica Puerto Rico
9 (RLIN) 22630
902 ## - CATALOGADOR
Iniciales GRL
942 ## - ELEMENTOS DE PUNTO DE ACCESO ADICIONAL (KOHA)
Fuente del sistema de clasificación o colocación Library of Congress Classification
Tipo de ítem Koha Libros
Holdings
Estado de retiro Estado de pérdida Estado dañado No para préstamo Localización permanente Ubicación/localización actual Fecha de adquisición Número de inventario Total de préstamos Signatura topográfica completa Código de barras Fecha visto por última vez Precio válido a partir de Tipo de ítem Koha
El ejemplar forma parte de la colección y puede ser consultado según las políticas vigentes.       Biblioteca Centro de Estudios Ruth D. Lechuga Biblioteca Centro de Estudios Ruth D. Lechuga 25/09/2012 Au82   HT1087 .M67 1978 (Au82) GRL00007 22/03/2019 22/03/2019 Libros